| 000 | 00616nam a2200229Ia 4500 | ||
|---|---|---|---|
| 003 | OSt | ||
| 005 | 20220916111000.0 | ||
| 006 | a|||||r|||| 00| 0 | ||
| 007 | ta | ||
| 008 | 220915b |||||||| |||| 00| 0 per d | ||
| 024 | _a69,136 | ||
| 037 | _cTextbook | ||
| 040 |
_bper _aARTS _cARTS |
||
| 041 | _aper | ||
| 082 | _aV45:191.J, 164L9 | ||
| 100 | _aNawai Abdul Hussain Au. | ||
| 245 | 0 | _aIran-o-jahan | |
| 260 |
_aTehran _bMususa nashr huma Iran |
||
| 650 | _aDIPLOMACY; IRAN - HISTORY | ||
| 942 |
_hV45:191.J, 164L9 _cTB _2CC |
||
| 999 |
_c102712 _d102712 |
||